| 000 | 00539nam a2200181Ia 4500 | ||
|---|---|---|---|
| 003 | GCL | ||
| 008 | 140319s9999 xx 000 0 ara d | ||
| 040 |
_aGCL / _cGCL |
||
| 082 | 0 | 4 |
_a818.03 _bا ر |
| 100 | 1 | _aايفلين رياض | |
| 245 | 1 | 0 |
_aالرجل والمرأة فى لقطات / _cايفلين رياض |
| 260 |
_a[S.N] : _bلجنة الاعلام والدراسات المستقبلية ، _c1987 |
||
| 300 | _a272 ص | ||
| 490 | _a | ||
| 650 | 0 | 4 | _aالمرأة |
| 650 | 0 | 4 | _aالرجال - تراجم |
| 942 |
_2ddc _cBK |
||
| 999 |
_c55360 _d55360 |
||